000 00434nam a22001817a 4500
003 MPLRDC
005 20220104124700.0
008 210129b ||||| |||| 00| 0 eng d
020 _a957-9449-18-X
082 _a857.7 QYH
100 _a邱永汉
245 _a香港
_c朱佩兰译
250 _a初版
260 _a
_b允晨文化实业股份有限
_c1996
300 _b
650 _a长篇小说
942 _cBK
_o857.7 QYH
999 _c21291
_d21281